000 00277nam a2200097Ia 4500
001 642116
005 20250826153520.0
008 250824s9999 xx 000 0 und d
245 0 _aŞİRİN İŞ BAŞINDA 12 EVCİL BİR BALİNAM VAR
_cBİRSEN EKİM ÖZEN
260 _bTİMAŞ ÇOCUK
999 _c642116
_d642116